| Поле | Инд. | ПП | Название | Значение |
|---|---|---|---|---|
| Тип записи | a | |||
| Библиографический уровень | a | |||
| 001 | Контрольный номер | e0d50cfc5e8f4556bae31aec2e02fcfd | ||
| 005 | Дата корректировки | 20190127081243.6 | ||
| 100 | a | Данные общей обработки | 20181220 ||| 0rusy0189 ca | |
| 101 | 0_ | a | Язык текста | rus |
| 102 | a | Страна публикации | RU | |
| 200 | 1_ | f | Первые сведения об ответственности | Е.О. Бондарь, А.Г. Андреев |
| a | Заглавие | Порядок распределения денежных средств от использования и реализации заложенного имущества: новеллы судебной практики | ||
| b | Общее обозначение материала | Текст | ||
| 210 | 1_ | d | Дата издания | 2018 |
| 461 | _0 | 1 | 2000 | |
| a | Административное право и процесс | |||
| 463 | _0 | 1 | 2000 | |
| a | № 11 | |||
| v | С. 45-47 | |||
| 1 | 2101 | |||
| d | 2018 | |||
| 1 | 001a70ec19139f5498fbf7dad71daaeadca | |||
| 606 | a | Основная рубрика | Судебная практика | |
| 610 | 0_ | a | Ключевые слова | АРБИТРАЖНЫЙ ПРОЦЕСС |
| a | Ключевые слова | НЕСОСТОЯТЕЛЬНОСТЬ (БАНКРОТСТВО) | ||
| a | Ключевые слова | ДЕНЬГИ | ||
| a | Ключевые слова | ИМУЩЕСТВО | ||
| a | Ключевые слова | ЗАЛОГ | ||
| 700 | _1 | a | Фамилия | Бондарь |
| b | Имя | Е.О. | ||
| 701 | _1 | a | Фамилия | Андреев |
| b | Имя | А.Г. | ||
| 801 | _0 | a | Страна | RU |
| b | Организация | РГУП | ||
| c | Дата составления | 20181220 | ||
| g | Правила каталогизации | PSBO | ||
| 801 | _1 | a | Страна | RU |
| b | Организация | РГУП | ||
| c | Дата составления | 20181220 | ||
| g | Правила каталогизации | PSBO | ||
| 901 | t | Тип документа | b | |
| w | Контрольный № источника | a70ec19139f5498fbf7dad71daaeadca | ||
| 905 | a | Дата ввода | 20181220 |